Pictures of Trees - Statistics

General Stats
  • This quiz has been taken 241 times
  • The average score is 8 of 20
Answer Stats
Picture Answer % Correct
Cherry
89%
Palm
87%
Pine
82%
Oak
81%
Maple
78%
Orange
59%
Baobab
36%
Mango
36%
Joshua
30%
Magnolia
26%
Elm
24%
Shoe
23%
Ginkgo
22%
Chestnut
20%
Fig
17%
Ash
13%
Gum
11%
Redwood
11%
Cedar
8%
Norfolk Pine
7%
No matching quizzes found
Score Distribution
Percent of People with Each Score
Percentile by Number Answered
Your Score History
You have not taken this quiz